000 00478nam a2200181Ia 4500
008 100917s9999 xx 000 0 und d
082 _b37676
100 _aदेवळे अंबादास
245 _aअभोगी
260 _bवसुधा प्रकाशन
_c1978
300 _a106
365 _b10
520 _aकादंबरी
630 _aअभोगी
650 _aकादंबरी
730 _aअभोगी
942 _cBOOK
999 _c643070
_d643067